| 000 | 00488cam a2200193ua 4500 | ||
|---|---|---|---|
| 001 | 4006 | ||
| 005 | 20260515113753.0 | ||
| 008 | 111212n ii |||gr||||Z||||||asm | ||
| 040 | _cMAIN | ||
| 082 | _a891.4511 | ||
| 100 | 1 | _aBora, Hem, | |
| 245 | 1 | 1 |
_aRamanyasbad : _basamiya kabita aru janadiak pradhan kabi / _cby Hem Bora |
| 250 | _a1st. | ||
| 260 |
_aGuwahati: _bStudents stores,992. |
||
| 300 |
_a119p: _c23cm. |
||
| 653 | _aAssamese poem | ||
| 653 | _aRamanyasbad | ||
| 942 | _cBK | ||
| 999 |
_c3826 _d3826 |
||